The Nile: notes for travellers in Egypt.

Salvato in:
Dettagli Bibliografici
Autore principale: Wallis Budge, Ernest Alfred
Natura: Libro
Lingua:inglese
Pubblicazione: London, England, United Kingdom Thos. Cook & Sons (Egypt), Ltd 1901
Edizione:Séptima edición
Soggetti:
Tags: Aggiungi Tag
Nessun Tag, puoi essere il primo ad aggiungerne!!

MARC

LEADER 00000nam a2200000 a 4500
001 UCJ6589
003 CL-VaPUC
005 20250227100135.0
008 070124e19010000UK |||||||||||||||||eng|d
999 |c 322691  |d 322689 
040 |c Pontificia Universidad Católica de Valparaíso 
082 0 4 |a 932 BUD 1901  |2 21 
100 |a Wallis Budge, Ernest Alfred  |9 516815 
245 1 4 |a The Nile: notes for travellers in Egypt.  
246 |b By E. A. Wallis Budge, M. A., Litt.D., D.Lit., F.S.A. Formerly Tyrwhitt Hebrew Scholar, and Scholar of Christ's College, Cambridge, Keeper of the Egyptian and Assyrian Antiquities, British Museum. 
250 |a Séptima edición 
260 0 3 |a London, England, United Kingdom  |b Thos. Cook & Sons (Egypt), Ltd  |c 1901 
300 |a 871 páginas 
500 |a Dos mapas. Ilustraciones sin indizar 
583 |a last modification  |c 20130712 06:42:25  |k Rodrigo Vera 
600 0 7 |a PIEDRA ROSETTA  |2 CL-VaPUC  |9 513483 
650 0 |a Viajes  |9 257115 
650 7 |a EGIPTOLOGIA  |2 CL-VaPUC  |9 265780 
650 0 |a Arqueología   |9 265619 
650 7 |a FARAONES  |2 CL-VaPUC  |9 389592 
650 7 |a DINASTIAS  |2 CL-VaPUC  |9 389767 
650 0 |a Arquitectura egipcia   |9 345073 
650 7 |a TEMPLOS  |2 CL-VaPUC  |9 266644 
650 7 |a JEROGLIFICOS  |2 CL-VaPUC  |9 265779 
650 7 |a PIRAMIDES  |2 CL-VaPUC  |9 310788 
650 7 |a ESFINGE  |2 CL-VaPUC  |9 513485 
651 7 |a CANAL DE SUEZ  |2 CL-VaPUC  |9 509597 
651 0 |a Egipto   |9 268199 
942 |c BK  |2 ddc 
945 |d 20070124 00:00:00  |a rinostro 
952 |0 0  |1 0  |2 ddc  |4 0  |6 932_000000000000000_BUD_1901  |7 0  |8 X  |9 401746  |a FDOBUD  |b FDOBUD  |d 2019-11-22  |i 1050087  |o 932 BUD 1901  |p 1050087  |r 2019-11-22  |t 1  |w 2019-11-22  |y BK_X  |k BUD